Formulation, implementation, and control of competitive strategy / (Record no. 1781)

MARC details
000 -LEADER
fixed length control field 01548cam a22001934a 4500
020 ## - INTERNATIONAL STANDARD BOOK NUMBER
ISBN 0072488522 (pbk. : alk. paper)
050 00 - CALL NUMBER
Classification number HD30.28
Item number .P3385
100 1# - AUTHOR
Personal name Pearce, John A.
245 10 - TITLE
Title Formulation, implementation, and control of competitive strategy /
Statement of responsibility, etc John A. Pearce II, Richard B. Robinson, Jr.
250 ## - EDITION
Edition statement 8th ed.
260 ## - PUBLICATION INFORMATION
Place of publication Boston, Mass. :
Name of publisher McGraw-Hill/Irwin,
Year of publication c2003.
300 ## - DESCRIPTION
Number of Pages xxiv, 344, [14] p. :
Other physical details ill. ;
Dimensions 25 cm.
500 ## - NOTES
General note Includes index
505 ## - FORMATTED CONTENTS NOTE
Table of Content Part One Overview of Strategic Management<br/>Chapter 1. Strategic Management<br/><br/>Part Two<br/>Chapter 2. Defining the Company's Mission and Social Responsibility<br/>Chapter 3. The External Environment<br/>Chapter 4. The Global Environment: Strategic Considerations for Multinational Firms<br/>Chapter 5. Internal Analysis<br/>Chapter 6. Formulating Long-Term Objectives and Grand Strategies <br/>Chapter 7. Strategic Analysis and Choice in Single-or Dominant-Product Businesses: Building Sustainable Competitive Advantages<br/>Chapter 8. Strategic Analysis and Choice in the Multibusiness Company: Rationalizing Diversification and Building Shareholder Value<br/><br/>Part Three Strategy Implementation<br/>Chapter 9 Implementing Strategy through Short-Term Objectives, Functional Tactics, Reward System, and Employee Empowerment<br/>Chapter 10. implementing Strategy: Structure, Leadership, and Culture<br/>Chapter 11. Strategic Control and Continuous Improvement<br/>
650 #0 - SUBJECTS
Topical Term Strategic planning.
650 #0 - SUBJECTS
Topical Term Strategic planning
General subdivision Case studies.
700 1# - OTHER AUTHORS
Personal name Robinson, Richard B.
942 ## - ADDED ENTRY ELEMENTS (KOHA)
Koha item type Books
Holdings
Withdrawn status Lost status Collection code Home library Current library Shelving location Date acquired Full call number Accession Number Koha item type
    Reference Methodist University Library Main Methodist University Library Main General Stacks 17/01/2005 HD30.28 .P3385 10118 Books
Copyright © 2026  MUG Library